Report of the conference of FAO; 20-23 Oct.; 1995
Kaydedildi:
| Yazar: | |
|---|---|
| Materyal Türü: | Kitap |
| Dil: | Undetermined |
| Baskı/Yayın Bilgisi: |
Rome
FAO
1995
|
| Konular: | |
| Etiketler: |
Etiketle
Etiket eklenmemiş, İlk siz ekleyin!
|
| Thư viện lưu trữ: | Trung tâm Học liệu Trường Đại học Cần Thơ |
|---|
| LEADER | 00490nam a2200181Ia 4500 | ||
|---|---|---|---|
| 001 | CTU_29142 | ||
| 008 | 210402s9999 xx 000 0 und d | ||
| 082 | |a 630 | ||
| 082 | |b R425.2/1995 | ||
| 100 | |a FAO | ||
| 245 | 0 | |a Report of the conference of FAO; 20-23 Oct.; 1995 | |
| 245 | 0 | |c FAO | |
| 260 | |a Rome | ||
| 260 | |b FAO | ||
| 260 | |c 1995 | ||
| 650 | |a agriculture - research | ||
| 904 | |i Nguyễn Quang Điền, 990311 | ||
| 980 | |a Trung tâm Học liệu Trường Đại học Cần Thơ | ||